1800 1317 1609 1826 1062 1670 1912 1619 1888 1461 1425 1574 1427 1905 1271 1393 1043 1090 1311 1981 1659 1676 1286 1845 1087 1062 1845 1047 1483 1491 1167 1824 1594 1863 1831 1279 1493 1058 1250 1953 1209 1851 1651 1326 1852 1888 1701 1229 1627 1200 1935 1946 1435 1205 1909 1023 1172 1172 1774 1957 1315 1644 1557 1310 1965 1640 1990 1326 1591 1110 1689 1617 1008 1684 1287 1406 1484 1618 1924 1223 1438 1788 1449 1853 1646 1538 1097 1195 1944 1888 1519 1832 1344 1043 1378 1155 1130 1244 1057 BCNSPRNW ULIB Ver.6.0+V

เปลี่ยนเป็นภาษาไทย

Change to English
 แสดงรายละเอียดบรรณานุกรม
  กลับหน้าหลัก

Brief Record : Get Marc (ISO 2709) : E-mail record : QR code < ปิดหน้าต่าง
LEADER : 00000nam 2200000uu 4500
001    13399124489
003     ULIB
008    150804s2557||||th 000 0 tha d
020    ^a9786162754425
060 04 ^aWA292^bค127
100 0  ^aคณาทัต จันทร์ศิริ
245 10 ^aวินาทีชีวิต คู่มือปฐมพยาบาล =^bYour life in your hands /^cโดยคณาทัต จันทร์ศิริ
246 31 ^aYour life in your hands
260    ^aกรุงเทพฯ :^bPop Get Book,^c2557
300    ^a245 หน้า :^bภาพประกอบ ;^c21 ซม.
650  4 ^aปฐมพยาบาล
650  4 ^aผู้ป่วย
945    ^p220^l0^i23072
945    ^p220^l0^i23073
999    ^aทศพร เกษรทอง
รายการนี้ยังไม่มีแท็ก
คุณยังไม่ได้ล็อกอิน คุณสามารถมีกิจกรรมร่วมกับเว็บไซต์ได้ แต่ต้องล็อกอินก่อน ::
  ล็อกอิน

รายการสื่อสารสนเทศ

ลำดับที่ ประเภท เลขเรียก/บาร์โค้ด สถานที่ สถานะ
1. วิทยาศาสตร์การแพทย์ และสุขภาพ
วิทยาศาสตร์การแพทย์ และสุขภาพ
สถานะ=หนังสือเก่า
WA292 ค127 ฉ.1 
  Barcode: 23072
ห้องสมุดวิทยาเขตนครสวรรค์
►ส่วนจัดเก็บหนังสือเก่า นว.
บนชั้น
  ขอยืม
2. วิทยาศาสตร์การแพทย์ และสุขภาพ
วิทยาศาสตร์การแพทย์ และสุขภาพ
สถานะ=หนังสือเก่า
WA292 ค127 ฉ.2 
  Barcode: 23073
ห้องสมุดวิทยาเขตนครสวรรค์
►ส่วนจัดเก็บหนังสือเก่า นว.
บนชั้น
  ขอยืม

รายการใกล้เคียง
    ผู้แต่ง [คณาทัต จันทร์ศิริ]

    หัวเรื่อง [ปฐมพยาบาล]
    หัวเรื่อง [ผู้ป่วย]

BibComment


ยังไม่เคยถูกคอมเมนท์

คอมเมนท์ทรัพยากรรายการนี้
  คอมเมนท์: วินาทีชีวิต คู่ม..


 Copyright 2026. Bcnsprnw @Library